Every Song by Nickelback - Statistics

General Stats
  • This quiz has been taken 168 times
    163 since last reset
  • The average score is 36 of 118
Answer Stats
Album Song % Correct
All the Right Reasons(2005) Rockstar
85%
Silver Side Up(2001) How You Remind Me
82%
All the Right Reasons(2005) Photograph
81%
Dark Horse(2008) Burn it to the Ground
78%
All the Right Reasons(2005) Animals
72%
The Long Road(2003) Someday
66%
All the Right Reasons(2005) Far Away
65%
Get Rollin'(2022) San Quentin
58%
No Fixed Address(2014) She Keeps Me Up
58%
Dark Horse(2008) Something in Your Mouth
58%
Feed the Machine(2017) Feed the Machine
57%
Dark Horse(2008) S.E.X.
57%
All the Right Reasons(2005) Savin' Me
56%
All the Right Reasons(2005) If Everyone Cared
53%
Dark Horse(2008) If Today Was Your Last Day
53%
Here and Now(2011) Lullaby
53%
Curb(1996) Curb
52%
Here and Now(2011) When We Stand Together
51%
Dark Horse(2008) This Afternoon
49%
Dark Horse(2008) Gotta Be Somebody
48%
The Long Road(2003) Figured You Out
47%
All the Right Reasons(2005) Side of a Bullet
47%
All the Right Reasons(2005) Fight for All the Wrong Reasons
46%
Silver Side Up(2001) Never Again
46%
Silver Side Up(2001) Too Bad
46%
Here and Now(2011) Bottoms Up
44%
Get Rollin'(2022) Those Days
44%
All the Right Reasons(2005) Follow You Home
43%
Feed the Machine(2017) Coin for the Ferryman
42%
All the Right Reasons(2005) Next Contestant
42%
No Fixed Address(2014) Satellite
42%
The Long Road(2003) Flat on the Floor
41%
Get Rollin'(2022) High Time
41%
Dark Horse(2008) Never Gonna Be Alone
41%
Dark Horse(2008) I'd Come for You
39%
Here and Now(2011) This Means War
39%
Dark Horse(2008) Shakin' Hands
38%
Get Rollin'(2022) Skinny Little Missy
38%
No Fixed Address(2014) Edge of a Revolution
37%
No Fixed Address(2014) Get 'Em Up
37%
Feed the Machine(2017) Song on Fire
37%
Here and Now(2011) Trying Not to Love You
35%
Get Rollin'(2022) Vegas Bomb
35%
No Fixed Address(2014) Million Miles an Hour
34%
The Long Road(2003) Feeling' Way Too Damn Good
33%
Silver Side Up(2001) Hollywood
33%
Dark Horse(2008) Just to Get High
33%
Here and Now(2011) Midnight Queen
33%
Curb(1996) Fly
32%
The State(1998) Leader of Men
32%
Feed the Machine(2017) Must Be Nice
32%
Get Rollin'(2022) Tidal Wave
32%
Get Rollin'(2022) Does Heaven Even Know You're Missing?
30%
Feed the Machine(2017) Home
30%
The Long Road(2003) Because of You
29%
Feed the Machine(2017) The Betrayal (Act I)
29%
Feed the Machine(2017) The Betrayal (Act III)
29%
No Fixed Address(2014) What Are You Waiting For?
29%
Dark Horse(2008) Next Go Round
28%
The Long Road(2003) See You at the Show
28%
Get Rollin'(2022) Just One More
27%
Here and Now(2011) Gotta Get Me Some
25%
Silver Side Up(2001) Woke Up This Morning
25%
Feed the Machine(2017) After the Rain
24%
Silver Side Up(2001) Good Times Gone
24%
Silver Side Up(2001) Just For
24%
No Fixed Address(2014) Sister Sin
24%
All the Right Reasons(2005) Someone That You're With
24%
Get Rollin'(2022) Standing in the Dark
24%
Get Rollin'(2022) Steel Still Rusts
24%
Here and Now(2011) Don't Ever Let it End
23%
Feed the Machine(2017) For the River
23%
Get Rollin'(2022) Horizon
23%
Feed the Machine(2017) Silent Majority
23%
No Fixed Address(2014) The Hammer's Coming Down
22%
Silver Side Up(2001) Hangnail
20%
Curb(1996) Where?
20%
The Long Road(2003) Do This Anymore
19%
Here and Now(2011) Everything I Wanna Do
19%
No Fixed Address(2014) Got Me Running' Round
19%
The Long Road(2003) Should've Listened
19%
The Long Road(2003) Another Hole in the Head
18%
The Long Road(2003) Believe It or Not
18%
Here and Now(2011) Holding on to Heaven
18%
Here and Now(2011) Kiss it Goodbye
18%
No Fixed Address(2014) Miss You
18%
The State(1998) Worthy to Say
18%
Silver Side Up(2001) Money Bought
16%
Feed the Machine(2017) Every Time We're Together
16%
Silver Side Up(2001) Where Do I Hide
16%
The State(1998) Breathe
15%
Curb(1996) | The State(Bonus)(1998) Little Friend
15%
No Fixed Address(2014) Make Me Believe Again
15%
Curb(1996) Pusher
15%
The Long Road(2003) Throw Yourself Away
15%
The State(1998) Cowboy Hat
14%
Curb(1996) Detangler
13%
Curb(1996) Just Four
13%
Curb(1996) I Don't Have
11%
Curb(1996) Left
11%
The State(1998) Deep
10%
The State(1998) Diggin' This
10%
Curb(1996) Falls Back On
10%
The State(1998) Hold Out Your Hand
10%
The State(1998) Old Enough
10%
The State(1998) One Last Run
10%
Curb(1996) Sea Groove
10%
Curb(1996) Window Shopper
10%
The State(1998) Not Leavin' Yet
9%
Hesher(1996) D.C.
6%
The Long Road(Bonus)(2003) | Three-Sided Coin(2002) Yanking Out My Heart
6%
Hesher(1996) In Front of Me
4%
Silver Side Up(Bonus)(2001) | The Long Road(Bonus)(2003) Learn the Hard Way
4%
The Long Road(Bonus)(2003) Slow Motion
4%
Hesher(1996) Truck
4%
No matching quizzes found
Score Distribution
Percent of People with Each Score
Percentile by Number Answered
Your Score History
You have not taken this quiz since the last reset